00777nam a22002171 4500003000800000005001700008008004100025035001400066040002600080041000800106043001200114082001800126100003500144245012000179260003000299300002200329651004500351651006100396700003800457710006400495BD-RjUL20240220122803.0240220s1682 ie 000 0 eng  a(BD-RjUL) aDLCbengcFUdFUdDLC aeng ae-ie--- a823bOCS 16821 aO'Connell, Daniel,d1775-1847.14aThe select speeches of Daniel O'Connell, M. P.,cedited, with historical notices, etc., by his son, John O'Connell. aLondon,bJ. Duffy,c1682. a456p;1 v.c19 cm. 0aIrelandxHistoryy19th centuryvSources. 0aIrelandxPolitics and governmenty19th centuryvSources.1 aO'Connell, John,d1810-1858,eed.2 aJoseph Meredith Toner Collection (Library of Congress)5DLC